000 00185 a2200097 4500
020 _a9780307392268
041 _aspa
100 _aRANDY PAUSCH
245 _aLA ULTIMA LECCION
942 _cBK
999 _c4097
_d4097